Honoris Crux : ons dapperes 02 (Record no. 162413)

MARC details
000 -LEADER
fixed length control field 00266nam a2200097Ia 4500
082 ## - DEWEY DECIMAL CLASSIFICATION NUMBER
Classification number 355.13420968 VAN
008 - FIXED-LENGTH DATA ELEMENTS--GENERAL INFORMATION
fixed length control field 210817s9999 xx 000 0 und d
100 ## - MAIN ENTRY--PERSONAL NAME
Personal name VAN WYK, At Cape Town, 1985
9 (RLIN) 50480
245 #0 - TITLE STATEMENT
Title Honoris Crux : ons dapperes 02
942 ## - ADDED ENTRY ELEMENTS
item type Books
Holdings
Withdrawn status Lost status Damaged status Not for loan Home library Current library Date acquired Cost, normal purchase price Total Checkouts Barcode Date last seen Price effective from item type
        Entokozweni PL (MMID-PLEMA-ENTO) Entokozweni PL (MMID-PLEMA-ENTO) 18.08.2021 252.00   33228013514664 18.08.2021 18.08.2021 Books